[Event "GBR-ch72"]
[Site "Edinburgh"]
[Date "1985.08.01"]
[Round "4.24"]
[White "Lalic, Susan Kathryn"]
[Black "Bellin, Robert"]
[Result "0-1"]
[WhiteElo "2050"]
[BlackElo "2395"]
[PlyCount "69"]
[EventDate "1985.07.29"]
[EventType "swiss"]
[EventRounds "11"]
[EventCountry "GBR"]
[SourceTitle "BritBase"]
[Source "John Saunders"]
[SourceDate "2020.09.07"]
[SourceVersion "1"]
[SourceVersionDate "2020.09.07"]
[SourceQuality "2"]

1. e4 g6 2. d4 Bg7 3. Nc3 d6 4. g3 Nf6 5. Bg2 O-O 6. Nge2 Nbd7 7. O-O c5 8. h3
Rb8 9. a4 b6 10. Bg5 h6 11. Be3 Bb7 12. Qd2 Kh7 13. Rad1 cxd4 14. Bxd4 Qc8 15.
Nd5 e5 16. Be3 Nxd5 17. exd5 Qc7 18. g4 Rbc8 19. Nc3 a6 20. Qd3 f5 21. gxf5
gxf5 22. f4 e4 23. Qe2 Bxc3 24. bxc3 Nf6 25. Bd4 Nxd5 26. Rd2 Nxc3 27. Qe3 Nxa4
28. Kh2 Rg8 29. h4 Qe7 30. Qh3 Rg4 31. Kg1 Rcg8 32. Re1 Rxf4 33. Re3 Rfg4 34.
Kf1 f4 35. Ree2 {time} 0-1

[Event "GBR-ch72"]
[Site "Edinburgh"]
[Date "1985.08.01"]
[Round "4.25"]
[White "Morrison, Robert"]
[Black "Shovel, Kenneth"]
[Result "1/2-1/2"]
[WhiteElo "2370"]
[BlackElo "2280"]
[PlyCount "35"]
[EventDate "1985.07.29"]
[EventType "swiss"]
[EventRounds "11"]
[EventCountry "GBR"]
[SourceTitle "BritBase"]
[Source "John Saunders"]
[SourceDate "2020.09.07"]
[SourceVersion "1"]
[SourceVersionDate "2020.09.07"]
[SourceQuality "2"]

1. e4 c6 2. d4 d5 3. Nd2 Qb6 4. c4 g6 5. cxd5 cxd5 6. exd5 Bg7 7. Ngf3 Nf6 8.
Bc4 O-O 9. O-O Qd8 10. Qb3 Nbd7 11. Ng5 Nb6 12. d6 e6 13. Nde4 h6 14. Nxf6+
Qxf6 15. Nf3 Rd8 16. Re1 Nxc4 17. Qxc4 Rxd6 18. Re4 1/2-1/2

[Event "GBR-ch72"]
[Site "Edinburgh"]
[Date "1985.08.01"]
[Round "4.26"]
[White "Muir, Andrew Joseph"]
[Black "Adams, Michael"]
[Result "1/2-1/2"]
[WhiteElo "2285"]
[BlackElo "2360"]
[PlyCount "116"]
[EventDate "1985.07.29"]
[EventType "swiss"]
[EventRounds "11"]
[EventCountry "GBR"]
[SourceTitle "BritBase"]
[Source "John Saunders"]
[SourceDate "2020.09.07"]
[SourceVersion "1"]
[SourceVersionDate "2020.09.07"]
[SourceQuality "2"]

1. d4 Nf6 2. c4 e6 3. Nc3 Bb4 4. e3 b6 5. Nge2 Ba6 6. Ng3 Bxc3+ 7. bxc3 d5 8.
cxd5 Bxf1 9. Kxf1 Qxd5 10. Qd3 Qd7 11. e4 Nc6 12. Bg5 h6 13. Bxf6 gxf6 14. Nh5
O-O-O 15. Nxf6 Qd6 16. e5 Nxe5 17. Qg3 Nd7 18. Qxd6 cxd6 19. Nxd7 Kxd7 20. Ke2
Rhg8 21. g3 Rc8 22. Kd3 Rg5 23. Rhb1 Rh5 24. Rh1 Rf5 25. f4 h5 26. Raf1 Ra5 27.
Rf2 Ra3 28. Rc2 Ke7 29. Rb1 Ra5 30. Rb4 Rg8 31. Rb1 Kf6 32. Ke4 h4 33. Rg1 hxg3
34. hxg3 Rh5 35. g4 Rh3 36. g5+ Ke7 37. d5 Rc8 38. dxe6 fxe6 39. Kd4 b5 40. c4
Rh4 41. c5 dxc5+ 42. Rxc5 Rxf4+ 43. Ke3 Rxc5 44. Kxf4 Rc2 45. a3 Rc3 46. g6 Kf8
47. Rd1 Rxa3 48. Rd7 b4 49. Kg5 Rg3+ 50. Kf6 Rf3+ 51. Kxe6 a5 52. Ra7 b3 53.
Rxa5 Kg7 54. Rb5 Kxg6 55. Rb4 Rd3 56. Ke5 Kg5 57. Ke4 Rg3 58. Rb5+ Kf6 1/2-1/2

[Event "GBR-ch72"]
[Site "Edinburgh"]
[Date "1985.08.01"]
[Round "4.27"]
[White "Lawton, Geoffrey W"]
[Black "Jackson, Oliver A"]
[Result "1-0"]
[WhiteElo "2360"]
[BlackElo "2230"]
[PlyCount "57"]
[EventDate "1985.07.29"]
[EventType "swiss"]
[EventRounds "11"]
[EventCountry "GBR"]
[SourceTitle "BritBase"]
[Source "John Saunders"]
[SourceDate "2020.09.07"]
[SourceVersion "1"]
[SourceVersionDate "2020.09.07"]
[SourceQuality "2"]

1. e4 c5 2. Nf3 e6 3. d4 cxd4 4. Nxd4 a6 5. Bd3 Nf6 6. O-O Qc7 7. Qe2 d6 8. c4
Nbd7 9. b3 b6 10. Bb2 Bb7 11. Nc3 g5 12. Rac1 Ne5 13. Nf3 g4 14. Nxe5 dxe5 15.
Na4 Bh6 16. Rc2 Rd8 17. c5 Rxd3 18. cxb6 Qd8 19. Nc5 Rd2 20. Rxd2 Qxd2 21. Qxd2
Bxd2 22. Bxe5 Nxe4 23. Nxe4 f6 24. Nxf6+ Kf7 25. Ne4 Rd8 26. Nc5 Bc6 27. b7
Bxb7 28. Nxb7 Rd5 29. Nd6+ 1-0

[Event "GBR-ch72"]
[Site "Edinburgh"]
[Date "1985.08.01"]
[Round "4.28"]
[White "Bradbury, Neil H"]
[Black "Jackson, Sheila"]
[Result "1-0"]
[WhiteElo "2335"]
[BlackElo "2225"]
[PlyCount "66"]
[EventDate "1985.07.29"]
[EventType "swiss"]
[EventRounds "11"]
[EventCountry "GBR"]
[SourceTitle "BritBase"]
[Source "John Saunders"]
[SourceDate "2020.09.07"]
[SourceVersion "1"]
[SourceVersionDate "2020.09.07"]
[SourceQuality "2"]

1. d4 Nf6 2. c4 e6 3. Nf3 b6 4. a3 Ba6 5. Qc2 c5 6. d5 Qe7 7. dxe6 Qxe6 8. e3
Bb7 9. Be2 Bd6 10. Nc3 Nc6 11. b3 h6 12. Bb2 Ne7 13. O-O-O O-O-O 14. Rhe1 Ng4
15. Bf1 Bb8 16. Nd5 f6 17. Nd4 Qf7 18. Nf5 Nxf5 19. Qxf5 Ne5 20. f4 Nc6 21. g3
Ne7 22. Qd3 Nxd5 23. cxd5 Qh5 24. Rd2 d6 25. Be2 Qf7 26. Bg4+ Kc7 27. Be6 Qe8
28. e4 Bc8 29. Bxc8 Kxc8 30. Qa6+ Kd7 31. e5 fxe5 32. fxe5 Rc8 33. e6+ Ke7 1-0

[Event "GBR-ch72"]
[Site "Edinburgh"]
[Date "1985.08.01"]
[Round "4.29"]
[White "Pigott, John C"]
[Black "Wiley, Tom E"]
[Result "1/2-1/2"]
[WhiteElo "2330"]
[BlackElo "2225"]
[PlyCount "62"]
[EventDate "1985.07.29"]
[EventType "swiss"]
[EventRounds "11"]
[EventCountry "GBR"]
[SourceTitle "BritBase"]
[Source "John Saunders"]
[SourceDate "2020.09.07"]
[SourceVersion "1"]
[SourceVersionDate "2020.09.07"]
[SourceQuality "2"]

1. d4 e6 2. Nf3 f5 3. g3 Nf6 4. Bg2 Be7 5. O-O O-O 6. c4 c6 7. Qc2 d5 8. Bg5
Bd7 9. Nc3 Be8 10. e3 Bh5 11. Ne2 Bxf3 12. Bxf3 Ne4 13. Bxe7 Qxe7 14. Bg2 Nd7
15. Nf4 Rae8 16. Rfe1 g5 17. Nd3 g4 18. Nf4 Rf6 19. b4 Nf8 20. b5 Ng6 21. Nxg6
Rxg6 22. bxc6 bxc6 23. Qa4 Rc8 24. Qa6 Rc7 25. Rab1 Nd2 26. Rb8+ Kf7 27. c5 Rg8
28. Rxg8 Kxg8 29. Rd1 Ne4 30. Rb1 Ng5 31. Rb3 Kg7 1/2-1/2

[Event "GBR-ch72"]
[Site "Edinburgh"]
[Date "1985.08.01"]
[Round "4.30"]
[White "Mannion, Stephen R"]
[Black "Carr, Neil L"]
[Result "1/2-1/2"]
[WhiteElo "2215"]
[BlackElo "2315"]
[PlyCount "83"]
[EventDate "1985.07.29"]
[EventType "swiss"]
[EventRounds "11"]
[EventCountry "GBR"]
[SourceTitle "BritBase"]
[Source "John Saunders"]
[SourceDate "2020.09.07"]
[SourceVersion "1"]
[SourceVersionDate "2020.09.07"]
[SourceQuality "2"]

1. e4 d6 2. d4 Nf6 3. Nc3 g6 4. Nf3 Bg7 5. Be2 Bg4 6. O-O O-O 7. Be3 Nc6 8. Qd2
Nd7 9. Rad1 e5 10. dxe5 Ndxe5 11. Nxe5 Nxe5 12. Bd4 Be6 13. f4 c5 14. Bxe5 dxe5
15. Qe1 Qc8 16. f5 gxf5 17. exf5 Bxf5 18. Nd5 Re8 19. Bb5 Bxc2 20. Bxe8 Qxe8
21. Rd2 Rd8 22. Nf6+ Bxf6 23. Rxf6 Rxd2 24. Qxd2 Bg6 25. Rd6 Qe7 26. h3 Bf5 27.
Qd5 b6 28. Rd8+ Kg7 29. Rb8 Bg6 30. h4 e4 31. Qd8 Qxd8 32. Rxd8 f5 33. Rd7+ Kf6
34. Rxa7 b5 35. Rc7 Ke5 36. Rxc5+ Kf4 37. Rxb5 e3 38. a4 Kg3 39. Re5 f4 40. a5
Bd3 41. h5 e2 42. Rg5+ 1/2-1/2

[Event "GBR-ch72"]
[Site "Edinburgh"]
[Date "1985.08.01"]
[Round "4.31"]
[White "Gallagher, Joseph G"]
[Black "Morrison, Chris"]
[Result "1/2-1/2"]
[WhiteElo "2310"]
[BlackElo "2205"]
[PlyCount "133"]
[EventDate "1985.07.29"]
[EventType "swiss"]
[EventRounds "11"]
[EventCountry "GBR"]
[SourceTitle "BritBase"]
[Source "John Saunders"]
[SourceDate "2020.09.07"]
[SourceVersion "1"]
[SourceVersionDate "2020.09.07"]
[SourceQuality "2"]

1. d4 Nf6 2. Bg5 d5 3. Bxf6 exf6 4. e3 Bd6 5. Bd3 Nd7 6. Qf3 Nf8 7. Nd2 c6 8.
Ne2 Ne6 9. h4 h5 10. O-O-O Nc7 11. Bf5 Na6 12. e4 Be6 13. Bxe6 fxe6 14. Nf4
Bxf4 15. Qxf4 Qc7 16. Qe3 O-O-O 17. Rde1 Kb8 18. Kb1 c5 19. e5 Nb4 20. dxc5 d4
21. Qb3 Qxc5 22. a3 Nc6 23. exf6 gxf6 24. Ne4 Qf5 25. Rh3 Rhf8 26. Rf3 Qe5 27.
Rg3 f5 28. f4 Qa5 29. Nd2 Qxd2 30. Rxe6 Rc8 31. Rgg6 Ka8 32. Rg7 Na5 33. Qa4
Qd1+ 34. Ka2 Qxc2 35. Qb5 Qc4+ 36. Qxc4 Nxc4 37. Rd7 Nb6 38. Rxd4 Rcd8 39.
Rxd8+ Rxd8 40. Rf6 Kb8 41. Rxf5 Rd5 42. Rf7 Nc4 43. Rg7 Nd6 44. g4 hxg4 45.
Rxg4 Kc8 46. Kb3 Kd7 47. Kc3 Ke6 48. a4 Rd1 49. h5 Kf5 50. Rh4 Ne4+ 51. Kc4 Nf6
52. h6 Rd7 53. a5 Ke4 54. b4 Rc7+ 55. Kb5 Kd5 56. Rh1 Rh7 57. Rd1+ Ke6 58. Rd8
Rxh6 59. f5+ Kxf5 60. a6 b6 61. Ra8 Rh7 62. Kc6 Ke6 63. b5 Nd5 64. Rxa7 Nb4+
65. Kxb6 Nd5+ 66. Ka5 Rxa7 67. b6 1/2-1/2

[Event "GBR-ch72"]
[Site "Edinburgh"]
[Date "1985.08.01"]
[Round "4.32"]
[White "Upton, Timothy J"]
[Black "Waddingham, Graham A"]
[Result "1-0"]
[WhiteElo "2305"]
[BlackElo "2264"]
[PlyCount "65"]
[EventDate "1985.07.29"]
[EventType "swiss"]
[EventRounds "11"]
[EventCountry "GBR"]
[SourceTitle "BritBase"]
[Source "John Saunders"]
[SourceDate "2020.09.07"]
[SourceVersion "1"]
[SourceVersionDate "2020.09.07"]
[SourceQuality "2"]

1. e4 e5 2. Nf3 Nc6 3. c3 d5 4. Qa4 dxe4 5. Nxe5 Bd6 6. Nxc6 bxc6 7. Qxc6+ Bd7
8. Qxe4+ Ne7 9. d4 O-O 10. Bd3 Ng6 11. O-O Re8 12. Qf3 Qh4 13. g3 Qh3 14. Qg2
Qh5 15. h4 c5 16. Nd2 cxd4 17. cxd4 Rac8 18. Ne4 Bc6 19. f3 Bc7 20. Qf2 Bb6 21.
Be3 f5 22. Ng5 Rxe3 23. Qxe3 Re8 24. Bc4+ Kf8 25. Ne6+ Rxe6 26. Qxe6 Bxd4+ 27.
Kh2 Ne7 28. Rad1 Bb6 29. Rfe1 Qe8 30. Re5 f4 31. Rf5+ Nxf5 32. Qxf5+ Ke7 33.
Qe5+ 1-0

[Event "GBR-ch72"]
[Site "Edinburgh"]
[Date "1985.08.01"]
[Round "4.33"]
[White "Mooney, David P"]
[Black "Orr, Mark JL"]
[Result "1/2-1/2"]
[WhiteElo "2245"]
[BlackElo "2340"]
[PlyCount "98"]
[EventDate "1985.07.29"]
[EventType "swiss"]
[EventRounds "11"]
[EventCountry "GBR"]
[SourceTitle "BritBase"]
[Source "John Saunders"]
[SourceDate "2020.09.07"]
[SourceVersion "1"]
[SourceVersionDate "2020.09.07"]
[SourceQuality "2"]

1. e4 e6 2. d4 d5 3. Nd2 dxe4 4. Nxe4 Nd7 5. Nf3 Ngf6 6. Nxf6+ Nxf6 7. Bd3 Bd7
8. O-O Bc6 9. c3 Bxf3 10. Qxf3 c6 11. Re1 Qd5 12. Qg3 Bd6 13. Qh3 O-O-O 14. Be3
Qh5 15. Qxh5 Nxh5 16. g3 Nf6 17. Rad1 Nd5 18. Bd2 Be7 19. Be4 Bf6 20. Kg2 Rd7
21. h4 h5 22. Rc1 Ne7 23. Rc2 g6 24. Re2 Rg8 25. b4 Nd5 26. a4 Ne7 27. Rb2 a6
28. Bf3 Re8 29. Bf4 Nd5 30. b5 Nxf4+ 31. gxf4 cxb5 32. axb5 axb5 33. Rxb5 Rc7
34. Ra2 Kd7 35. Bxb7 Ke7 36. Ra7 Kf8 37. Rc5 Ree7 38. Ra8+ Kg7 39. Bc6 Bxh4 40.
c4 Ra7 41. Ra5 Rxa5 42. Rxa5 Rc7 43. d5 exd5 44. cxd5 Be7 45. Ra6 Rc8 46. d6
Bxd6 47. Bd7 Rc4 48. Rxd6 Rxf4 49. Bb5 Rb4 1/2-1/2

[Event "GBR-ch72"]
[Site "Edinburgh"]
[Date "1985.08.01"]
[Round "4.34"]
[White "Lane, Gary William"]
[Black "Thomas, Ian L"]
[Result "0-1"]
[WhiteElo "2330"]
[BlackElo "2295"]
[PlyCount "74"]
[EventDate "1985.07.29"]
[EventType "swiss"]
[EventRounds "11"]
[EventCountry "GBR"]
[SourceTitle "BritBase"]
[Source "John Saunders"]
[SourceDate "2020.09.07"]
[SourceVersion "1"]
[SourceVersionDate "2020.09.07"]
[SourceQuality "2"]

1. e4 e5 2. Nf3 Nc6 3. Bb5 a6 4. Bxc6 dxc6 5. O-O Qd6 6. d3 Be7 7. Be3 Be6 8.
Nbd2 c5 9. Qe2 h6 10. Rfd1 Nf6 11. c3 Ng4 12. d4 exd4 13. cxd4 Nxe3 14. fxe3
cxd4 15. exd4 O-O 16. Kh1 Rfe8 17. Rac1 Rad8 18. Nc4 Qf4 19. Nce5 Bd6 20. Nd3
Qg4 21. Nf2 Qg6 22. Qd3 c6 23. h3 Rd7 24. Rg1 Bf4 25. Rcd1 h5 26. Rge1 Red8 27.
Qc2 Qh6 28. Nd3 Bg4 29. Nc5 Bxf3 30. gxf3 Rxd4 31. Rxd4 Rxd4 32. Rd1 Bd2 33.
Nd3 Be3 34. Qe2 Rd6 35. Re1 Bd4 36. e5 Rg6 37. Qe4 Qg5 0-1

[Event "GBR-ch72"]
[Site "Edinburgh"]
[Date "1985.08.01"]
[Round "4.35"]
[White "Singh, Sukh Dave"]
[Black "Branford, John W"]
[Result "0-1"]
[WhiteElo "2080"]
[BlackElo "2255"]
[PlyCount "90"]
[EventDate "1985.07.29"]
[EventType "swiss"]
[EventRounds "11"]
[EventCountry "GBR"]
[SourceTitle "BritBase"]
[Source "John Saunders"]
[SourceDate "2020.09.07"]
[SourceVersion "1"]
[SourceVersionDate "2020.09.07"]
[SourceQuality "2"]

1. e4 c6 2. c4 d5 3. exd5 Nf6 4. Nc3 cxd5 5. cxd5 g6 6. d4 Nxd5 7. Bc4 Nb6 8.
Bb3 Bg7 9. Nf3 O-O 10. O-O Nc6 11. d5 Na5 12. Bg5 Nxb3 13. axb3 h6 14. Be3 a6
15. h3 g5 16. Qd2 Bf5 17. Rad1 Qd6 18. Rfe1 Rad8 19. Bd4 Nd7 20. h4 f6 21. Qe3
Rfe8 22. Ne4 Qf4 23. Qd3 gxh4 24. Nfd2 Ne5 25. Bxe5 Qxe5 26. Nc4 Qf4 27. Qd4
Kh8 28. Qe3 Qg4 29. Nc5 Bc8 30. Ne6 Bxe6 31. Qxe6 Qh5 32. Ne3 Rd6 33. Qf5 Qg5
34. Qxg5 hxg5 35. Nf5 Rd7 36. Re6 Kg8 37. Rde1 Red8 38. Nxe7+ Kf7 39. Nf5 Bf8
40. Ne3 Bc5 41. Re2 Kg6 42. Ng4 Bd4 43. Kh2 Rxd5 44. g3 hxg3+ 45. fxg3 Rb5 0-1

[Event "GBR-ch72"]
[Site "Edinburgh"]
[Date "1985.08.01"]
[Round "4.36"]
[White "Richardson, Kevin D"]
[Black "Walker, RH.."]
[Result "0-1"]
[WhiteElo "2112"]
[BlackElo "2180"]
[PlyCount "52"]
[EventDate "1985.07.29"]
[EventType "swiss"]
[EventRounds "11"]
[EventCountry "GBR"]
[SourceTitle "BritBase"]
[Source "John Saunders"]
[SourceDate "2020.09.07"]
[SourceVersion "1"]
[SourceVersionDate "2020.09.07"]
[SourceQuality "2"]

1. e4 e6 2. d4 d5 3. Nd2 Nf6 4. e5 Nfd7 5. f4 c5 6. c3 Nc6 7. Ndf3 cxd4 8. cxd4
Qb6 9. Ne2 Bb4+ 10. Kf2 f6 11. Be3 O-O 12. g3 fxe5 13. fxe5 Ndxe5 14. dxe5
Rxf3+ 15. Kxf3 Nxe5+ 16. Kg2 Qxe3 17. Qd4 Qf3+ 18. Kg1 Nd3 19. Rd1 Bc5 20. Rxd3
Bxd4+ 21. Nxd4 Qe4 22. h4 Bd7 23. Rh2 Rf8 24. Rf2 e5 25. Nb3 Rxf2 26. Kxf2 Bb5
0-1

[Event "GBR-ch72"]
[Site "Edinburgh"]
[Date "1985.08.01"]
[Round "4.37"]
[White "Wallace, D.."]
[Black "Gregory, Stephen J"]
[Result "0-1"]
[WhiteElo "1965"]
[BlackElo "2152"]
[PlyCount "64"]
[EventDate "1985.07.29"]
[EventType "swiss"]
[EventRounds "11"]
[EventCountry "GBR"]
[SourceTitle "BritBase"]
[Source "John Saunders"]
[SourceDate "2020.09.07"]
[SourceVersion "1"]
[SourceVersionDate "2020.09.07"]
[SourceQuality "2"]

1. e4 d6 2. d4 Nf6 3. Nc3 g6 4. Nf3 Bg7 5. Be2 a6 6. O-O b5 7. e5 Nfd7 8. e6
fxe6 9. Ng5 Nf6 10. Bf3 d5 11. Re1 Qd6 12. Qd3 Nc6 13. g3 Nd8 14. h4 Bd7 15.
Ne2 c5 16. dxc5 Qxc5 17. Nf4 O-O 18. h5 Rc8 19. c3 d4 20. cxd4 Qxg5 21. Nxg6
Rxc1 22. Nxe7+ Kf7 23. Raxc1 Kxe7 24. d5 Kf7 25. Rc7 Kg8 26. dxe6 Bxe6 27. Qd6
Ne8 28. Rc5 Nxd6 29. Rxg5 h6 30. Rg6 Rxf3 31. Rexe6 Nxe6 32. Rxe6 Rd3 0-1

[Event "GBR-ch72"]
[Site "Edinburgh"]
[Date "1985.08.01"]
[Round "4.38"]
[White "Habershon, Paul F"]
[Black "Lewis, David Rhys"]
[Result "1/2-1/2"]
[WhiteElo "2112"]
[BlackElo "1885"]
[PlyCount "81"]
[EventDate "1985.07.29"]
[EventType "swiss"]
[EventRounds "11"]
[EventCountry "GBR"]
[SourceTitle "BritBase"]
[Source "John Saunders"]
[SourceDate "2020.09.07"]
[SourceVersion "1"]
[SourceVersionDate "2020.09.07"]
[SourceQuality "2"]

1. e4 e6 2. d4 a6 3. f4 b5 4. Nf3 Bb7 5. Bd3 c5 6. c3 Nf6 7. Nbd2 Nc6 8. Qe2
cxd4 9. cxd4 Nb4 10. Bb1 Qc7 11. Nb3 Rc8 12. Kd1 d5 13. e5 Nd7 14. a3 Nc6 15.
Bd2 b4 16. f5 Nd8 17. axb4 Qb6 18. b5 Qxb5 19. Qxb5 axb5 20. Bd3 b4 21. Ke2 Be7
22. Rhc1 exf5 23. Bxf5 Ne6 24. Ra7 Rxc1 25. Nxc1 Bc8 26. b3 Nb6 27. Bd3 Bd7 28.
g3 f6 29. Rb7 Nc8 30. Bxb4 Nd8 31. Rxd7 Kxd7 32. Bf5+ Ne6 33. Nd3 Bxb4 34. Nxb4
Ne7 35. Bh3 f5 36. Kd3 g6 37. Nd2 Rb8 38. Na2 Ra8 39. Nc3 Ra1 40. Bg2 Rg1 41.
Bxd5 1/2-1/2

[Event "GBR-ch72"]
[Site "Edinburgh"]
[Date "1985.08.02"]
[Round "5.2"]
[White "King, Daniel J"]
[Black "Condie, Mark L"]
[Result "1/2-1/2"]
[WhiteElo "2435"]
[BlackElo "2405"]
[PlyCount "80"]
[EventDate "1985.07.29"]
[EventType "swiss"]
[EventRounds "11"]
[EventCountry "GBR"]
[SourceTitle "BritBase"]
[Source "John Saunders"]
[SourceDate "2020.09.07"]
[SourceVersion "1"]
[SourceVersionDate "2020.09.07"]
[SourceQuality "2"]

1. e4 e5 2. Nf3 Nf6 3. Nxe5 d6 4. Nf3 Nxe4 5. d4 d5 6. Bd3 Be7 7. O-O Nc6 8. c4
Bg4 9. Re1 Nf6 10. cxd5 Bxf3 11. Qxf3 Qxd5 12. Qxd5 Nxd5 13. Nc3 O-O-O 14. Bc4
Bb4 15. Bd2 Nb6 16. Bxf7 Nxd4 17. Rad1 Nb5 18. Ne4 Bxd2 19. Rxd2 Rxd2 20. Nxd2
Nd6 21. Bb3 Kd8 22. f4 Re8 23. Rxe8+ Kxe8 24. Kf2 Ke7 25. g4 h6 26. h4 a5 27.
Kf3 a4 28. Bc2 Ndc4 29. Nxc4 Nxc4 30. Bxa4 Nxb2 31. Bb3 Nd3 32. Ke3 Nc5 33. Bc2
Kd6 34. g5 hxg5 35. hxg5 Ne6 36. Ke4 b5 37. Bd1 c5 38. Bg4 c4 39. Bxe6 Kxe6 40.
f5+ Ke7 1/2-1/2

[Event "GBR-ch72"]
[Site "Edinburgh"]
[Date "1985.08.02"]
[Round "5.4"]
[White "Hebden, Mark L"]
[Black "Martin, Andrew D"]
[Result "1-0"]
[WhiteElo "2455"]
[BlackElo "2410"]
[PlyCount "55"]
[EventDate "1985.07.29"]
[EventType "swiss"]
[EventRounds "11"]
[EventCountry "GBR"]
[SourceTitle "BritBase"]
[Source "John Saunders"]
[SourceDate "2020.09.07"]
[SourceVersion "1"]
[SourceVersionDate "2020.09.07"]
[SourceQuality "2"]

1. e4 c6 2. d4 d5 3. exd5 cxd5 4. c4 Nf6 5. Nc3 Be6 6. Nge2 dxc4 7. Nf4 Bc8 8.
Bxc4 e6 9. d5 e5 10. O-O Bd6 11. Nh5 Nxh5 12. Qxh5 O-O 13. Ne4 Qe7 14. Bd2 Nd7
15. Bc3 f5 16. Nxd6 Qxd6 17. Qe2 a6 18. a3 Re8 19. Rac1 b6 20. f4 Bb7 21. Bb4
Nc5 22. fxe5 Rxe5 23. Qf2 Rf8 24. Qf4 Rd8 25. Bc3 Re4 26. Qxf5 Bxd5 27. Bxd5+
Qxd5 28. Rcd1 1-0

[Event "GBR-ch72"]
[Site "Edinburgh"]
[Date "1985.08.02"]
[Round "5.5"]
[White "Johansen, Darryl Keith"]
[Black "Hodgson, Julian M"]
[Result "1/2-1/2"]
[WhiteElo "2410"]
[BlackElo "2445"]
[PlyCount "105"]
[EventDate "1985.07.29"]
[EventType "swiss"]
[EventRounds "11"]
[EventCountry "GBR"]
[SourceTitle "BritBase"]
[Source "John Saunders"]
[SourceDate "2020.09.07"]
[SourceVersion "1"]
[SourceVersionDate "2020.09.07"]
[SourceQuality "2"]

1. d4 Nf6 2. Nf3 g6 3. Nc3 d5 4. Bf4 Bg7 5. e3 O-O 6. Be2 c5 7. dxc5 Qa5 8. Nd2
Qxc5 9. Nb3 Qb6 10. Be5 Nbd7 11. Bd4 Qd8 12. f4 Nb6 13. O-O Bf5 14. Nc5 Qc8 15.
h3 Rd8 16. g4 Be4 17. Qe1 Ne8 18. Bxg7 Nxg7 19. N5xe4 dxe4 20. Rd1 Qc5 21. Qf2
Qb4 22. f5 Rxd1 23. Nxd1 gxf5 24. gxf5 Nd5 25. Kh1 Kh8 26. Rg1 Rg8 27. b3 Qd2
28. Qg2 Nf6 29. Bc4 Qxg2+ 30. Rxg2 Rd8 31. Nc3 Nxf5 32. Bxf7 Nxe3 33. Re2 Nf5
34. Kg2 Rc8 35. Nxe4 Nd4 36. Rd2 Nxe4 37. Rxd4 Rxc2+ 38. Kg1 Nd6 39. Bd5 Rxa2
40. Rg4 h6 41. Rg6 Ra5 42. Bg2 h5 43. Re6 Rb5 44. Rxe7 Rxb3 45. Re5 h4 46. Rd5
Rb6 47. Rh5+ Kg7 48. Rxh4 Rb1+ 49. Kf2 Rb2+ 50. Kg1 Rd2 51. Ra4 b5 52. Rxa7+
Kf6 53. Ra8 1/2-1/2

[Event "GBR-ch72"]
[Site "Edinburgh"]
[Date "1985.08.02"]
[Round "5.6"]
[White "Hawksworth, John C"]
[Black "Watson, William N"]
[Result "0-1"]
[WhiteElo "2370"]
[BlackElo "2435"]
[PlyCount "107"]
[EventDate "1985.07.29"]
[EventType "swiss"]
[EventRounds "11"]
[EventCountry "GBR"]
[SourceTitle "BritBase"]
[Source "John Saunders"]
[SourceDate "2020.09.07"]
[SourceVersion "1"]
[SourceVersionDate "2020.09.07"]
[SourceQuality "2"]

1. d4 Nf6 2. c4 g6 3. g3 Bg7 4. Bg2 O-O 5. Nc3 d6 6. Nf3 Nc6 7. O-O Rb8 8. d5
Na5 9. Nd2 c5 10. Qc2 e5 11. b3 a6 12. Bb2 b5 13. Rae1 Bh6 14. f4 bxc4 15. bxc4
exf4 16. gxf4 Nh5 17. e3 Bg7 18. Nd1 Bf5 19. Ne4 Bxb2 20. Nxb2 Re8 21. Nd1 Rb4
22. Ndf2 Rxc4 23. Qd3 Qe7 24. Qa3 Bxe4 25. Qxa5 Bxg2 26. Kxg2 Qb7 27. Qd2 Nf6
28. Rd1 Rb4 29. Kg1 Ne4 30. Nxe4 Rbxe4 31. Rde1 Qb4 32. Qxb4 Rxb4 33. Rf2 f5
34. Kg2 Kf7 35. Kf3 a5 36. Rc1 Reb8 37. h4 a4 38. Rc3 Rb2 39. Ra3 Rxf2+ 40.
Kxf2 Rb2+ 41. Kf3 Rb4 42. Rc3 h5 43. Ra3 Ke7 44. Ke2 Kd7 45. Kd3 Kc7 46. Rc3
Rb2 47. Ra3 Rb4 48. Rc3 Kb6 49. Rc2 Kb5 50. Rg2 c4+ 51. Kc3 Kc5 52. Rxg6 Rb1
53. Rg5 Re1 54. Rxf5 0-1

[Event "GBR-ch72"]
[Site "Edinburgh"]
[Date "1985.08.02"]
[Round "5.7"]
[White "Hartston, William Roland"]
[Black "Basman, Michael John"]
[Result "1-0"]
[WhiteElo "2430"]
[BlackElo "2400"]
[PlyCount "107"]
[EventDate "1985.07.29"]
[EventType "swiss"]
[EventRounds "11"]
[EventCountry "GBR"]
[SourceTitle "BritBase"]
[Source "John Saunders"]
[SourceDate "2020.09.07"]
[SourceVersion "1"]
[SourceVersionDate "2020.09.07"]
[SourceQuality "2"]

1. Nf3 g6 2. e4 Bg7 3. d4 d6 4. Nc3 c6 5. h3 Qc7 6. Be3 b5 7. Bd3 h6 8. a4 b4
9. Ne2 Nd7 10. c3 bxc3 11. bxc3 e5 12. O-O Ne7 13. Qd2 g5 14. Ng3 Nf6 15. dxe5
dxe5 16. Bc4 Ng6 17. Bc5 Bf8 18. Bxf8 Kxf8 19. Rfe1 Nf4 20. Nf5 Bxf5 21. exf5
Rd8 22. Qe3 e4 23. Qc5+ Kg7 24. Nd4 Rhe8 25. Qxc6 Qxc6 26. Nxc6 Rc8 27. Bb5 a6
28. Bxa6 Rxc6 29. Bb5 Rec8 30. Bxc6 Rxc6 31. a5 Ra6 32. c4 Nd3 33. Reb1 Nd7 34.
Rb5 Kf6 35. Kf1 h5 36. g3 N7c5 37. Rb6+ Kxf5 38. Rxa6 Nxa6 39. Rb1 Ndc5 40. Rb6
f6 41. Rd6 Ke5 42. Rd5+ Ke6 43. Ke2 Nd7 44. Ke3 f5 45. g4 hxg4 46. hxg4 fxg4
47. Rxg5 Nac5 48. Kf4 Kd6 49. Rg6+ Kc7 50. Rxg4 Nb3 51. a6 Nbc5 52. Rg6 Nd3+
53. Kxe4 Nxf2+ 54. Kd4 {time} 1-0

[Event "GBR-ch72"]
[Site "Edinburgh"]
[Date "1985.08.02"]
[Round "5.8"]
[White "Pritchett, Craig William"]
[Black "Ravikumar, Vaidyanathan"]
[Result "1/2-1/2"]
[WhiteElo "2395"]
[BlackElo "2370"]
[PlyCount "74"]
[EventDate "1985.07.29"]
[EventType "swiss"]
[EventRounds "11"]
[EventCountry "GBR"]
[SourceTitle "BritBase"]
[Source "John Saunders"]
[SourceDate "2020.09.07"]
[SourceVersion "1"]
[SourceVersionDate "2020.09.07"]
[SourceQuality "2"]

1. e4 c5 2. Nf3 Nc6 3. d4 cxd4 4. Nxd4 Nf6 5. Nc3 d6 6. Bg5 Qa5 7. Bxf6 gxf6 8.
Bb5 Bd7 9. Nb3 Qd8 10. Qd2 a6 11. Be2 f5 12. O-O-O Bg7 13. f4 fxe4 14. Nxe4 O-O
15. Rhf1 Qc8 16. Kb1 a5 17. a3 a4 18. Nc1 Na5 19. Rde1 b5 20. Na2 d5 21. Nec3
d4 22. Nd5 Qd8 23. f5 Bc6 24. Ndb4 Be8 25. Bd3 Nc4 26. Qg5 f6 27. Qf4 Qd6 28.
Qxd6 exd6 29. Rf4 Nd2+ 30. Ka1 Bd7 31. Rxd4 Rac8 32. Rd1 Nc4 33. Bxc4+ Rxc4 34.
Nc3 Bxf5 35. Rxd6 Bg4 36. Rf1 f5 37. Ncd5 Be5 {etc ( a lot of ambiguities)}
1/2-1/2